000 00580nam a2200169 i 4500
001 39598
003 ES-MaACL
005 20231221152302.0
007 t|
008 030303s1910 sp ||||1| spa d
100 1 _aCanalejas, José,
_d1854-1912
_934382
245 1 0 _aSesión extraordinaria celebrada por la Sociedad Española de Higiene /
_cbajo la presidencia de José Canalejas y Méndez, presidente del Consejo de Ministros, 8 de marzo de 1910.
260 _aMadrid :
_b[s.n.],
_c1910.
300 _a1 v.
852 _aES-MaACL
_j1634-F-1
999 _c39598
_d39598